000 00890nam a2200277 a 4500
003 DO-SdBNP
005 20220125125121.0
007 000021333
008 100906t1998 dr ac 001 0dspa d
040 _aBPMSU
_bspa
_cBPMSU
082 4 _a923.27293
_bD812pm 1998
_222
100 1 _aPatín Veloz, Enrique
245 1 0 _aDuarte y la historia /
_cEnrique Patín Veloz.
260 _aSanto Domingo :
_bInstituto Duartiano,
_c1998.
300 _a123 p. :
_bil., retr. ;
_c21 cm.
490 0 _aDuartiana
_v5
504 _aBibliografía : p. 121
590 _6Inventariado,2022/VM
600 1 4 _aDuarte, Juan Pablo
_d1813-1876
_xPensamiento político
651 4 _aRepública Dominicana
_xHistoria
_y1844-1930
710 2 _aInstituto Duartiano (República Dominicana)
830 0 _aDuartiana
_n5
910 _aVMateo V./Validado. Control de calidad EMS
942 _2ddc
_cBK
945 _a
999 _c8005
_d8005